Statistics for Country and Capital Neighbour Connect with Jumps and Disappearing World Map: First Alphabetically

Click here to take the quiz!

General Stats

  • This quiz has been taken 6,030 times
  • The average score is 91 of 392

Answers on the Map

Answers color-coded by a green-red scale on the quiz's map according to % correct below.
 

Answer Stats

HintHintCountry/Capital% Correct
502182.5Abu Dhabi
100%
509.33187.2Muscat
80%
509.33187.2Oman
70%
482.1179.9Riyadh
70%
462.3158.9Amman
67%
478.8149.9Baghdad
66%
460.3130.6Ankara
65%
480.5125Armenia
64%
487.6125Azerbaijan
64%
487.6125Baku
64%
479120Georgia
63%
57752Moscow
63%
533100Astana
61%
528149.2Afghanistan
60%
513130.6Ashgabat
59%
615140.9Beijing
59%
584.1169.4Bhutan
58%
615140.9China
57%
548122Bishkek
56%
545.2133.5Dushanbe
56%
501.3152.5Iran
56%
461.7146.8Beirut
55%
447171.3Cairo
55%
467143Damascus
55%
447171.3Egypt
55%
478.8149.9Iraq
55%
459157Israel
55%
528149.2Kabul
55%
459157Jerusalem
54%
462.3158.9Jordan
54%
482.1179.9Saudi Arabia
54%
495.7176.2Doha
53%
495.7176.2Qatar
53%
398230.8Abuja
43%
378.2234.5Accra
42%
384.2167.2Algeria
42%
384.2167.2Algiers
42%
377202.2Bamako
42%
385.7225Benin
42%
377219Burkina Faso
42%
422.6209.4Chad
42%
368235.9Cote d'Ivoire
42%
419.3172.9Libya
42%
420301.2Angola
41%
427.6239Bangui
41%
416.9260.5Brazzaville
41%
433267.2Democratic Republic of the Congo
41%
470234.2Addis Ababa
36%
466.3209.2Asmara
36%
447.8272.6Burundi
36%
476.4221.6Djibouti
36%
476.4221.6Djibouti (cap)
36%
459.1282.5Dodoma
36%
466.3209.2Eritrea
36%
470234.2Ethiopia
36%
449.6239.5Juba
36%
453.1256.6Kampala
36%
465.8259.9Kenya
36%
488230Mogadishu
36%
465.8259.9Nairobi
36%
488230Somalia
36%
447.8272.6Bujumbura
35%
425.5124Albania
34%
39386.9Amsterdam
34%
384118.7Andorra
34%
384118.7Andorra la Vella
34%
430129Athens
34%
414.2100.9Austria
34%
39191Belgium
34%
427.6113Belgrade
34%
40489.9Berlin
34%
421113Bosnia and Herzegovina
34%
39191Brussels
34%
424.4103.1Budapest
34%
437.8117.9Bulgaria
34%
418108Croatia
34%
386105France
34%
361.7127.6Lisbon
34%
372127.5Madrid
34%
361.7127.6Portugal
34%
372127.5Spain
34%
36382.5Dublin
32%
36382.5Ireland
32%
37786London
32%
37786United Kingdom
32%
486324.3Antananarivo
31%
241.4204Antigua and Barbuda
30%
802.8307.7Apia
30%
234373Argentina
30%
248.9339.7Asunción
30%
398.4103.5Bern
30%
216.3247.5Bogotá
30%
236319Bolivia
30%
266294Brasília
30%
266294Brazil
30%
234373Buenos Aires
30%
232235Caracas
30%
218384Chile
30%
216.3247.5Colombia
30%
248242Georgetown
30%
248242Guyana
30%
236319La Paz
30%
208292Lima
30%
486324.3Madagascar
30%
254.4248.1Paramaribo
30%
386105Paris
30%
401.573.5Copenhagen
29%
401.573.5Denmark
29%
40489.9Germany
29%
241.4204Saint John's
29%
802.8307.7Samoa
29%
683342Australia
28%
209180.9Bahamas
28%
683342Canberra
28%
209180.9Nassau
28%
494.3174Bahrain
27%
494.3174Manama
27%
638.6246.1Bandar Seri Begawan
26%
608207.9Bangkok
26%
583181.8Bangladesh
26%
638.6246.1Brunei
26%
616219.1Cambodia
26%
583181.8Dhaka
26%
624.3219.9Hanoi
26%
556185.9India
26%
535.7164.2Islamabad
26%
569.8166.5Kathmandu
26%
610.3247.2Kuala Lumpur
26%
610.3194.9Laos
26%
597188.5Myanmar
26%
569.8166.5Nepal
26%
556185.9New Delhi
26%
344216Banjul
24%
246.5217Barbados
24%
347.7220.3Bissau
24%
353.3224.2Conakry
24%
347212Dakar
24%
354232.9Freetown
24%
344216Gambia
24%
353.3224.2Guinea
24%
347.7220.3Guinea-Bissau
24%
347212Senegal
24%
239.4203.4Basseterre
23%
443.481.2Belarus
23%
42398Bratislava
23%
246.5217Bridgetown
23%
41493.8Czech Republic
23%
43964.8Estonia
23%
450.696Kiev
23%
43870.6Latvia
23%
434.376.3Lithuania
23%
423.687.1Poland
23%
43870.6Riga
23%
180.9203.6Belize
22%
180.9203.6Belmopan
22%
192228Costa Rica
22%
180.4215El Salvador
22%
43752Finland
22%
177.4210Guatemala
22%
177.4210Guatemala City
22%
43752Helsinki
22%
184.5210.7Honduras
22%
188.2218.1Managua
22%
443.481.2Minsk
22%
188.2218.1Nicaragua
22%
401.757Norway
22%
401.757Oslo
22%
198232.5Panama
22%
198232.5Panama City
22%
57752Russia
22%
239.4203.4Saint Kitts and Nevis
22%
192228San José
22%
414.360.5Stockholm
22%
414.360.5Sweden
22%
435336.1Botswana
21%
407247Cameroon
21%
427.6239Central African Republic
21%
404255.8Equatorial Guinea
21%
406.5264Gabon
21%
435336.1Gaborone
21%
447325Harare
21%
448.5209.5Khartoum
21%
433267.2Kinshasa
21%
406.5264Libreville
21%
438310Lusaka
21%
404255.8Malabo
21%
422.6209.4N'Djamena
21%
449.6239.5South Sudan
21%
407247Yaoundé
21%
377202.2Mali
20%
354195.5Mauritania
20%
366153.5Morocco
20%
403.3203.9Niamey
20%
354195.5Nouakchott
20%
366153.5Rabat
20%
448.5209.5Sudan
20%
419.3172.9Tripoli
20%
436.7107.1Bucharest
19%
14366Canada
19%
444.4102Chișinău
19%
424.4103.1Hungary
19%
416.4124.2Italy
19%
413106.5Ljubljana
19%
444.4102Moldova
19%
14366Ottawa
19%
436.7107.1Romania
19%
416.4124.2Rome
19%
408.5113.9San Marino
19%
408.5113.9San Marino (cap)
19%
153129United States
19%
326.7206.9Cape Verde
18%
151182Mexico
18%
151182Mexico City
18%
326.7206.9Praia
18%
153129Washington D.C.
18%
243.2214.6Castries
17%
479.4301.4Comoros
17%
206190.2Cuba
17%
455.3143.7Cyprus
17%
664.3290.8Dili
17%
242.4209.5Dominica
17%
221197Dominican Republic
17%
664.3290.8East Timor
17%
218196Haiti
17%
206190.2Havana
17%
635.5264Indonesia
17%
635.5264Jakarta
17%
610.3247.2Malaysia
17%
479.4301.4Moroni
17%
597188.5Naypyidaw
17%
455.3143.7Nicosia
17%
616219.1Phnom Penh
17%
218196Port-au-Prince
17%
243.2214.6Saint Lucia
17%
221197Santo Domingo
17%
608207.9Thailand
17%
610.3194.9Vientiane
17%
624.3219.9Vietnam
17%
204265.5Ecuador
16%
208292Peru
16%
204265.5Quito
16%
242.4209.5Roseau
16%
717.7235.2Federated States of Micronesia
15%
782.9320.1Fiji
15%
717.7235.2Palikir
15%
782.9320.1Suva
15%
804.5282.8Funafuti
14%
378.2234.5Ghana
14%
430129Greece
14%
427.5118.5Kosovo
14%
402103.1Liechtenstein
14%
383232.4Lomé
14%
429.5121.7Macedonia
14%
423.7117.8Montenegro
14%
403.3203.9Niger
14%
398230.8Nigeria
14%
377219Ouagadougou
14%
423.7117.8Podgorica
14%
385.7225Porto-Novo
14%
427.5118.5Pristina
14%
421113Sarajevo
14%
427.6113Serbia
14%
413106.5Slovenia
14%
398.4103.5Switzerland
14%
383232.4Togo
14%
804.5282.8Tuvalu
14%
414.2100.9Vienna
14%
418108Zagreb
14%
241.6220.6Grenada
13%
742.1295Honiara
13%
34143Iceland
13%
206200.2Jamaica
13%
693.3140Japan
13%
206200.2Kingston
13%
34143Reykjavík
13%
241.6220.6Saint George's
13%
742.1295Solomon Islands
13%
693.3140Tokyo
13%
402103.1Vaduz
13%
533100Kazakhstan
12%
447.8267.7Kigali
12%
21272Kiribati
12%
548122Kyrgyzstan
12%
444360.5Lesotho
12%
456307Lilongwe
12%
420301.2Luanda
12%
456307Malawi
12%
467309.5Maputo
12%
444360.5Maseru
12%
451.3350.1Mbabane
12%
467309.5Mozambique
12%
418328Namibia
12%
535.7164.2Pakistan
12%
431365Pretoria
12%
416.9260.5Republic of the Congo
12%
447.8267.7Rwanda
12%
431365South Africa
12%
545.2133.5Tajikistan
12%
459.1282.5Tanzania
12%
525122.5Tashkent
12%
501.3152.5Tehran
12%
513130.6Turkmenistan
12%
242.7216.8Kingstown
11%
487162.9Kuwait
11%
487162.9Kuwait City
11%
461.7146.8Lebanon
11%
359.2239.6Liberia
11%
359.2239.6Monrovia
11%
242.7216.8Saint Vincent and the Grenadines
11%
354232.9Sierra Leone
11%
429.5121.7Skopje
11%
437.8117.9Sofia
11%
21272South Tarawa
11%
467143Syria
11%
425.5124Tirana
11%
460.3130.6Turkey
11%
394.394.2Luxembourg
10%
394.394.2Luxembourg (cap)
10%
760.6232.2Majuro
10%
545.9248.9Maldives
10%
545.9248.9Malé
10%
412.9141.1Malta
10%
657220.6Manila
10%
760.6232.2Marshall Islands
10%
510.1329.1Mauritius
10%
397.2114.5Monaco
10%
397.2114.5Monaco (cap)
10%
614.2104.1Mongolia
10%
254.9370.2Montevideo
10%
776.7391.9New Zealand
10%
657220.6Philippines
10%
510.1329.1Port Louis
10%
614.2104.1Ulaanbaatar
10%
254.9370.2Uruguay
10%
412.9141.1Valletta
10%
776.7391.9Wellington
10%
756.2263.4Nauru
9%
39386.9Netherlands
9%
680.5241.3Ngerulmud
9%
665.7127North Korea
9%
798.1328.7Nukuʻalofa
9%
680.5241.3Palau
9%
703.7282.4Papua New Guinea
9%
248.9339.7Paraguay
9%
703.7282.4Port Moresby
9%
755.5318.6Port Vila
9%
665.7127Pyongyang
9%
669139Seoul
9%
669139South Korea
9%
798.1328.7Tonga
9%
755.5318.6Vanuatu
9%
756.2263.4Yaren
9%
242.5226.6Port-of-Spain
8%
41493.8Prague
8%
488.3208.2Sana'a
8%
180.4215San Salvador
8%
218384Santiago
8%
395.5260.6São Tomé
8%
395.5260.6São Tomé and Príncipe
8%
505.5277Seychelles
8%
614.2256.7Singapore
8%
614.2256.7Singapore (cap)
8%
42398Slovakia
8%
562235.3Sri Jayawardenepura Kotte
8%
562235.3Sri Lanka
8%
254.4248.1Suriname
8%
451.3350.1Swaziland
8%
652.9182.1Taipei
8%
652.9182.1Taiwan
8%
184.5210.7Tegucigalpa
8%
242.5226.6Trinidad and Tobago
8%
450.696Ukraine
8%
505.5277Victoria
8%
434.376.3Vilnius
8%
423.687.1Warsaw
8%
488.3208.2Yemen
8%
438310Zambia
8%
447325Zimbabwe
8%
43964.8Tallinn
7%
479120Tbilisi
7%
584.1169.4Thimphu
7%
401148Tunis
7%
401148Tunisia
7%
453.1256.6Uganda
7%
502182.5United Arab Emirates
7%
525122.5Uzbekistan
7%
408.5120.7Vatican City
7%
408.5120.7Vatican City (cap)
7%
232235Venezuela
7%
418328Windhoek
7%
368235.9Yamoussoukro
7%
480.5125Yerevan
7%

Score Distribution

Percentile by Number Answered

Percent of People with Each Score

Your Score History

You have not taken this quiz